000 01203nam a22002537a 4500
005 20101118144940.0
008 101118t xxu||||| |||| 00| 0 mar d
010 _aMAR-20354
020 _c170.00
035 _aMR-13012
037 _bDBAD / PUB
040 _aDPL
_bMR
082 _a891.46301
100 _aशानभाग,माधुरी
_924359
245 _aतिची गोष्ट /
_cमाधुरी शानभाग
246 _aTichi Gosta
_bby Madhuri Shanbhag
260 _aमुंबई
_bनवचैतन्य प्रकाशन
_c2010
270 _aसी-11,तळमजला, न्यू गजांत को-ऑप-सोसायटी,एस व्ही रोड,बोरिवली( प.)
_bमुंबई
_e400092
300 _a176पृ
_b21सेमी (अजिल्द)
650 _aमराठी कथासंग्रह
_924360
650 _aMarathi Short Stories
_924361
942 _2ddc
_cMR
_h891.46301
_mशानभा
999 _c48602
_d48602